| 000 | 00550nam a22002057a 4500 | ||
|---|---|---|---|
| 003 | OSt | ||
| 005 | 20220107122722.0 | ||
| 008 | 130827b xxu||||| |||| 00| 0 eng d | ||
| 020 | _a0387976752 | ||
| 040 | _cIIITM-K | ||
| 082 | _a512 MIG/M | ||
| 100 |
_aMignotte, Maurice _92233 |
||
| 245 |
_aMathematics for computer algebra _cby Maurice Mignotte |
||
| 260 |
_aNew York, _bSpringer-Verlag, _c1992. |
||
| 300 | _axiv, 346p. | ||
| 650 |
_aMATHEMATICS _92234 |
||
| 650 |
_aCOMPUTER SCIENCE _92235 |
||
| 650 |
_aLINEAR ALGEBRA _92236 |
||
| 942 |
_2ddc _cBK |
||
| 999 |
_c3339 _d3339 |
||